| 000 | 00598nam a2200217 u 4500 | ||
|---|---|---|---|
| 005 | 20240228064232.0 | ||
| 008 | 160428s2000 r 000 0 eng d | ||
| 020 | _a848431202X | ||
| 035 | _aUPN01000209911 | ||
| 049 | _aI | ||
| 050 | 4 |
_aPZ78 _bT6.28 |
|
| 100 | 1 |
_aTorres, Daniel _938891 |
|
| 245 | 1 | 4 |
_aLas aventuras de Tom / _cDaniel Torres. |
| 260 |
_aBarcelona, Esp. : _bNorma, _c2000. |
||
| 300 |
_a47 p. : _bil. col. |
||
| 440 | 0 |
_aDaniel Torres ; _v10 |
|
| 650 | 4 |
_aLibros y lectura para niƱos _92290 |
|
| 650 | 4 |
_aCuentos infantiles _96744 |
|
| 905 | _aInfantil | ||
| 999 |
_c182012 _d182012 |
||